书目信息 |
| 题名: |
对外汉语教学理论与实践
|
|
| 作者: | 李洁 著 | |
| 分册: | 汉字篇 | |
| 出版信息: | 北京 北京工业大学出版社 2018 |
|
| 页数: | 113页 | |
| 开本: | 26cm | |
| 丛书名: | ||
| 单 册: | ||
| 中图分类: | H195.3 | |
| 科图分类: | ||
| 主题词: | 汉语--对外汉语教学--教学研究 , 汉字--对外汉语教学--教学研究 | |
| 电子资源: | ||
| ISBN: | 978-7-5639-6523-6 | |
| 000 | 00794nam0 2200229 450 | |
| 001 | 2375639956 | |
| 005 | 20231214195908.06 | |
| 010 | @a978-7-5639-6523-6@dCNY48.00 | |
| 100 | @a20200905d2018 em y0chiy50 ea | |
| 101 | 0 | @achi |
| 102 | @aCN@b110000 | |
| 105 | @ay z 000yy | |
| 200 | 1 | @a对外汉语教学理论与实践@Adui wai han yu jiao xue li lun yu shi jian@i汉字篇@f李洁著 |
| 210 | @a北京@c北京工业大学出版社@d2018 | |
| 215 | @a113页@d26cm | |
| 330 | @a本书共五章,内容包括:汉字知识概述、对外汉字教学中的汉字性质观、对外汉字教学概述、对外汉字教学发展与研究概况、对外汉字教学方法研究。 | |
| 606 | 0 | @a汉语@x对外汉语教学@x教学研究 |
| 606 | 0 | @a汉字@x对外汉语教学@x教学研究 |
| 690 | @aH195.3@v5 | |
| 701 | 0 | @a李洁@Ali jie@4著 |
| 801 | 0 | @aCN@b91MARC@c20200905 |
| 905 | @aZUCC@dH195.3@e4 | |
| 对外汉语教学理论与实践.汉字篇/李洁著.-北京:北京工业大学出版社,2018 |
| 113页;26cm |
| ISBN 978-7-5639-6523-6:CNY48.00 |
| 本书共五章,内容包括:汉字知识概述、对外汉字教学中的汉字性质观、对外汉字教学概述、对外汉字教学发展与研究概况、对外汉字教学方法研究。 |
| ● |
| 相关链接 |
|
|
|
正题名:对外汉语教学理论与实践
索取号:H195.3/4
 
预约/预借
| 序号 | 登录号 | 条形码 | 馆藏地/架位号 | 状态 | 备注 |
| 1 | 2001347515 | 2001347515 | 三新/湖北三新(第三批)/1884/ [索取号:H195.3/4] | 在馆 | |
| 2 | 2001347516 | 2001347516 | 三新/湖北三新(第三批)/1884/ [索取号:H195.3/4] | 在馆 | |
| 3 | 2001347517 | 2001347517 | 三新/湖北三新(第三批)/1884/ [索取号:H195.3/4] | 在馆 | |
| 4 | 2001347518 | 2001347518 | 三新/湖北三新(第三批)/1884/ [索取号:H195.3/4] | 在馆 | |
| 5 | 2001347519 | 2001347519 | 三新/湖北三新(第三批)/1884/ [索取号:H195.3/4] | 在馆 | |
| 6 | 2001347520 | 2001347520 | 三新/湖北三新(第三批)/1884/ [索取号:H195.3/4] | 在馆 | |
| 7 | 2001347521 | 2001347521 | 三新/湖北三新(第三批)/1884/ [索取号:H195.3/4] | 在馆 | |
| 8 | 2001347522 | 2001347522 | 三新/湖北三新(第三批)/1884/ [索取号:H195.3/4] | 在馆 | |
| 9 | 2001347523 | 2001347523 | 三新/湖北三新(第三批)/1884/ [索取号:H195.3/4] | 在馆 | |
| 10 | 2001347524 | 2001347524 | 三新/湖北三新(第三批)/1884/ [索取号:H195.3/4] | 在馆 | |
| 11 | 2001347525 | 2001347525 | 三新/湖北三新(第三批)/1884/ [索取号:H195.3/4] | 在馆 | |
| 12 | 2001347526 | 2001347526 | 三新/湖北三新(第三批)/1884/ [索取号:H195.3/4] | 在馆 | |
| 13 | 2001347527 | 2001347527 | 三新/湖北三新(第三批)/1884/ [索取号:H195.3/4] | 在馆 | |
| 14 | 2001347528 | 2001347528 | 三新/湖北三新(第三批)/1884/ [索取号:H195.3/4] | 在馆 | |
| 15 | 2001347529 | 2001347529 | 三新/湖北三新(第三批)/1884/ [索取号:H195.3/4] | 在馆 | |
| 16 | 2001347530 | 2001347530 | 三新/湖北三新(第三批)/1884/ [索取号:H195.3/4] | 在馆 | |
| 17 | 2001347531 | 2001347531 | 三新/湖北三新(第三批)/1884/ [索取号:H195.3/4] | 在馆 | |
| 18 | 2001347532 | 2001347532 | 三新/湖北三新(第三批)/1884/ [索取号:H195.3/4] | 在馆 | |
| 19 | 2001347533 | 2001347533 | 三新/湖北三新(第三批)/1884/ [索取号:H195.3/4] | 在馆 | |
| 20 | 2001347534 | 2001347534 | 三新/湖北三新(第三批)/1884/ [索取号:H195.3/4] | 在馆 | |
| 21 | 2001347535 | 2001347535 | 三新/湖北三新(第三批)/1884/ [索取号:H195.3/4] | 在馆 | |
| 22 | 2001347536 | 2001347536 | 三新/湖北三新(第三批)/1884/ [索取号:H195.3/4] | 在馆 | |
| 23 | 2001347537 | 2001347537 | 三新/湖北三新(第三批)/1884/ [索取号:H195.3/4] | 在馆 | |
| 24 | 2001347538 | 2001347538 | 三新/湖北三新(第三批)/1884/ [索取号:H195.3/4] | 在馆 | |
| 25 | 2001347539 | 2001347539 | 三新/湖北三新(第三批)/1884/ [索取号:H195.3/4] | 在馆 | |
| 26 | 2001347540 | 2001347540 | 三新/湖北三新(第三批)/1884/ [索取号:H195.3/4] | 在馆 | |
| 27 | 2001347541 | 2001347541 | 三新/湖北三新(第三批)/1884/ [索取号:H195.3/4] | 在馆 | |
| 28 | 2001347542 | 2001347542 | 三新/湖北三新(第三批)/1884/ [索取号:H195.3/4] | 在馆 | |
| 29 | 2001347543 | 2001347543 | 三新/湖北三新(第三批)/1884/ [索取号:H195.3/4] | 在馆 | |
| 30 | 2001347544 | 2001347544 | 三新/湖北三新(第三批)/1884/ [索取号:H195.3/4] | 在馆 |